000 00310nam a22001457a 4500
003 OSt
005 20160727222344.0
008 160620b xxu||||| |||| 00| 0 eng d
040 _cTest
100 _9180
_aCricketer, et al
245 _aC.T.Studd
260 _aG.B.A.Wec
300 _aC.T.Studd
942 _2ddc
_cBK
999 _c148
_d148